000 00343 a2200169 4500
001 72713
020 _a852621926X
040 _cAnchieta - Colégio São Paulo
100 _aSabino, Eliana
240 1 0 _aKim
_lpor
245 1 0 _aKim
300 _a128
362 0 _a1999
440 1 _aScipione
650 4 _aLiteratura juvenil
942 _cBK
999 _c72713
_d72713